Geography Quiz

Random Geography or City Quiz

US Cities by Streets Quiz Stats

 Plays Quiz not verified by Sporcle

Challenge
Share
Tweet
Embed
Score 0/30 Timer 05:00
0 Plays Today
Streets City % Correct
San Pedro St., Sunset Blvd, Beverly BlvdLos Angeles
93.3%
Wacker Dr., Lake Shore Dr., Michigan AveChicago
92.8%
Martin Luther King Dr., Marietta St., Peachtree St.Atlanta
89.8%
Pennsylvania Ave, Independence Ave, K St.Washington
88.7%
Cambridge St., Beacon St., Salem St., Congress St.Boston
87.7%
Tulane Ave., St. Charles Ave., Canal St.New Orleans
84%
Lombard St., Market St., Mission St., Folsom St.San Francisco
80.4%
Alaskan Way, Pacific St., Olympic Pl., Denny WaySeattle
75.3%
Colfax Ave, Elitch Circle, Arapahoe St., Colorado BlvdDenver
75.2%
Old Spanish Trail, Texas Ave, Dallas St., San Jacinto St.Houston
74.9%
Biscayne Blvd, Flagler St., Ocean Dr., Venetian CausewayMiami
72.9%
Houston St., Bleecker St., Canal St., Flatbush AveNew York
71.8%
Music Valley Dr., Church St., Chet Atkins Pl.Nashville
70.9%
Tudor Rd., Arctic Warrior Dr., Northern Lights Blvd.Anchorage
66.9%
Woodward Ave, Lafayette St., 8 Mile RoadDetroit
66.7%
Streets City % Correct
World Dr., Buena Vista Dr., Orange Blossom TrailOrlando
61.7%
Rhode Island Ave, Mediterranean Ave, Baltic Ave, Bacharach Blvd.Atlantic City
57.5%
Lakeside Ave, Euclid Ave, Carnegie AveCleveland
55.9%
Broad St., Market St., Arch St., Passyunk Ave.Philadelphia
55.4%
Elm St., Houston St., Lamar St., Preston Rd.Dallas
55.2%
Fremont St., Charleston Blvd, Sahara Ave, Flamingo Rd.Las Vegas
54.3%
Forbes Ave, Fort Pitt Blvd, Ohio St., Grant St.Pittsburgh
54.3%
Houston St., Travis St., Crockett St.San Antonio
52.2%
Bloomington Ave, Hennepin Ave, Hiawatha AveMinneapolis
52%
Clay St., Multnomah St., Willamette BlvdPortland
47.9%
Pratt St., Fayette St., Camden St., Key HighwayBaltimore
32.2%
Mayflower Ave, Water St., Samoset St., Sandwich St.Plymouth
28.7%
Duval St., Palm Ave, Poor House Ln., Overseas HighwayKey West
23.9%
Wyatt Earp Blvd., Comanche St., Plains St.Dodge City
23.2%
Abercorn St., Bay St., Oglethorpe Ave, President St.Savannah
19.9%

You're not logged in!

Compare scores with friends on all Sporcle quizzes.
OR
Log In

You Might Also Like...

Show Comments

Extras

Curator's Pick Sep 16, 2013ReportNominate
Tags:City Quiz, street

Top Quizzes Today


Score Distribution

Your Account Isn't Verified!

In order to create a playlist on Sporcle, you need to verify the email address you used during registration. Go to your Sporcle Settings to finish the process.

Report this User

Report this user for behavior that violates our Community Guidelines.

Details: